Evangelio y reino de Dios
Saved in:
| Main Authors: | , |
|---|---|
| Andre forfattere: | |
| Format: | Bog |
| Sprog: | spansk |
| Udgivet: |
Pamplona
Verbo Divino
1995
|
| Udgivelse: | 1a. ed |
| Serier: | Cuadernos Bíblicos, 84
|
| Fag: | |
| Tags: |
Tilføj Tag
Ingen Tags, Vær først til at tagge denne postø!
|
MARC
| LEADER | 00000cam a2200000 a 4500 | ||
|---|---|---|---|
| 001 | UCS5905 | ||
| 003 | CL-VaPUC | ||
| 008 | 970906e19950000SP |||||||||||||||||spa|d | ||
| 020 | |a 848169021X | ||
| 082 | 0 | 4 | |a 231 |b BLA |2 21 |
| 100 | 0 | |a Blanchard, Ives-Marie |e author |9 391460 | |
| 700 | 0 | |a Cothenet, Edouard |e author |9 391461 | |
| 700 | |a Légasse, Simon |e autor |9 600731 | ||
| 245 | 1 | 0 | |a Evangelio y reino de Dios |
| 250 | |a 1a. ed | ||
| 300 | |a 66 p | ||
| 942 | |c BK | ||
| 945 | |d 19970906 00:00:00 |a aalvarez | ||
| 260 | |a Pamplona |b Verbo Divino |c 1995 | ||
| 600 | 0 | |a Jesús |9 313614 | |
| 650 | 0 | |a Reino de Dios |9 327654 | |
| 583 | |a last modification |c 20150526 05:08:00 |k Rodrigo Vera | ||
| 490 | 0 | |a Cuadernos Bíblicos, 84 | |
| 999 | |c 262033 |d 262031 | ||
| 952 | |0 0 |1 0 |4 0 |6 231_000000000000000_BLA_1995 |7 0 |8 A |9 290192 |a BIBTEO |b BIBTEO |d 2019-11-19 |i 3339297 |o 231 BLA 1995 |p 3339297 |r 2025-01-17 |w 2019-11-19 |y BK |k ICR | ||
| 952 | |0 0 |1 0 |3 erb |4 0 |6 231_000000000000000_BLA_1995 |7 0 |8 A |9 290193 |a BIBTEO |b BIBTEO |e Casale Rolle, Carlos Ignacio, -2014 |i 5182972 |o 231 BLA 1995 |p 5182972 |r 2025-01-17 |w 2019-11-19 |y BK |z Catalogado en:20150529 |k ICR | ||